[Event "Caracas Hybrid Rapid op"]
[Site "Caracas"]
[Date "2022.09.18"]
[Round "11"]
[White "Jimenez Rodriguez, Abraham Isaias"]
[Black "Joseph, Sanjiv"]
[Result "1-0"]
[WhiteElo "1723"]
[BlackElo "1171"]
[PlyCount "31"]
[EventDate "2022.09.17"]
[EventType "swiss"]
[EventRounds "11"]
[EventCountry "VEN"]
[SourceTitle "EXT 2023"]
[Source "ChessBase"]
[SourceDate "2022.10.05"]
[SourceVersion "1"]
[SourceVersionDate "2022.10.05"]
[SourceQuality "1"]

1. e4 e5 2. Nf3 Nc6 3. d4 d6 4. Bb5 a6 5. Ba4 b5 6. Bb3 Bb7 7. Bd5 Nge7 8. 0-0 Nxd4 9. Nxd4 exd4 10. Qxd4 Nxd5 11. exd5 Be7 12. Qxg7 Bf6 13. Re1+ Be5 14. Qxh8+ Kd7 15. Qxd8+ Rxd8 16. Nc3 1-0

[Event "Del Sur U2400 Hybrid op 5th"]
[Site "Tornelo INT"]
[Date "2022.01.21"]
[Round "4"]
[White "Jimenez Rodriguez, Abraham Isaias"]
[Black "Amezcua Luria, Jesus"]
[Result "1-0"]
[WhiteElo "1701"]
[BlackElo "2001"]
[PlyCount "67"]
[EventDate "2022.01.21"]
[EventType "swiss"]
[EventRounds "6"]
[EventCountry "VEN"]
[SourceTitle "EXT 2023"]
[Source "ChessBase"]
[SourceDate "2022.10.05"]
[SourceVersion "1"]
[SourceVersionDate "2022.10.05"]
[SourceQuality "1"]

1. e4 e5 2. Nf3 Nc6 3. d4 exd4 4. Bc4 Bc5 5. c3 d3 6. Qxd3 d6 7. b4 Bb6 8. 0-0 Nf6 9. e5 Nxe5 10. Nxe5 dxe5 11. Qxd8+ Kxd8 12. Bxf7 Rf8 13. Bc4 Ng4 14. Bg5+ Ke8 15. Bh4 g5 16. Bg3 h5 17. h4 gxh4 18. Bxh4 e4 19. Nd2 e3 20. Rae1 Be6 21. Bxe6 exd2 22. Re2 Nf6 23. Bb3+ Kd7 24. Rxd2+ Kc8 25. Be6+ Kb8 26. Bxf6 a5 27. Rd8+ Rxd8 28. Bxd8 axb4 29. cxb4 Ra4 30. Be7 Ra6 31. Bc4 Ra8 32. Rd1 Ka7 33. Rd8 Rxd8 34. Bxd8 1-0

[Event "Del Sur U2400 Hybrid op 5th"]
[Site "Tornelo INT"]
[Date "2022.01.21"]
[Round "6"]
[White "Jimenez Rodriguez, Abraham Isaias"]
[Black "Perez Rivero, Juan Jose"]
[Result "0-1"]
[WhiteElo "1701"]
[BlackElo "1791"]
[PlyCount "58"]
[EventDate "2022.01.21"]
[EventType "swiss"]
[EventRounds "6"]
[EventCountry "VEN"]
[SourceTitle "EXT 2023"]
[Source "ChessBase"]
[SourceDate "2022.10.05"]
[SourceVersion "1"]
[SourceVersionDate "2022.10.05"]
[SourceQuality "1"]

1. e4 e5 2. d4 exd4 3. Nf3 d6 4. Bc4 Be7 5. Nxd4 Nf6 6. Nc3 0-0 7. 0-0 c6 8. Be3 d5 9. exd5 cxd5 10. Bd3 Nc6 11. Nde2 Bg4 12. f3 Be6 13. Bb5 a6 14. Ba4 Qc7 15. Nd4 Bd6 16. f4 Bg4 17. Qd2 Rfe8 18. Kh1 Ne4 19. Nxe4 Rxe4 20. c3 Nxd4 21. Bxd4 Bxf4 22. Qf2 Bxh2 23. Bc2 Bg3 24. Bb6 Qd6 25. Qxf7+ Kh8 26. Kg1 Qxb6+ 27. Rf2 Rf4 28. Qxd5 Bxf2+ 29. Kf1 Bg3+ 0-1

[Event "Hibrido del Sur U2200 op 4th"]
[Site "Tornelo INT"]
[Date "2021.12.17"]
[Round "4"]
[White "Hernandez Mora, Ulises Jose"]
[Black "Jimenez Rodriguez, Abraham Isaias"]
[Result "0-1"]
[WhiteElo "1695"]
[BlackElo "1689"]
[PlyCount "66"]
[EventDate "2021.12.17"]
[EventType "swiss"]
[EventRounds "6"]
[EventCountry "VEN"]
[SourceTitle "CBM 206 Extra"]
[Source "ChessBase"]
[SourceDate "2022.03.31"]
[SourceVersion "1"]
[SourceVersionDate "2022.03.31"]
[SourceQuality "1"]

1. d4 d5 2. Nf3 c6 3. g3 Bf5 4. Bg2 e6 5. 0-0 Nf6 6. Bg5 Be7 7. Nh4 Bg6 8. Nxg6 hxg6 9. f3 Qb6 10. b3 Nbd7 11. Be3 Bd6 12. Bf2 Qc7 13. Qe1 0-0-0 14. e4 dxe4 15. fxe4 Ng4 16. e5 Ndxe5 17. dxe5 Bxe5 18. c3 Nxh2 19. Na3 Nxf1 20. Kxf1 Rd3 21. Qe4 Rxc3 22. Nc4 Rxc4 23. Qxc4 Bxa1 24. Bxa7 Qxg3 25. Qa4 Rh4 26. Qa5 Qd3+ 27. Kg1 Bd4+ 28. Bxd4 Qxd4+ 29. Kf1 Rf4+ 30. Ke2 Rf2+ 31. Ke1 Qe3+ 32. Kd1 Qd3+ 33. Ke1 Qe2# 0-1

[Event "Hibrido del Sur U2200 op 4th"]
[Site "Tornelo INT"]
[Date "2021.12.17"]
[Round "1"]
[White "Jimenez Rodriguez, Abraham Isaias"]
[Black "Perez Sanchez, David"]
[Result "1-0"]
[WhiteElo "1689"]
[BlackElo "1857"]
[PlyCount "23"]
[EventDate "2021.12.17"]
[EventType "swiss"]
[EventRounds "6"]
[EventCountry "VEN"]
[SourceTitle "CBM 206 Extra"]
[Source "ChessBase"]
[SourceDate "2022.03.31"]
[SourceVersion "1"]
[SourceVersionDate "2022.03.31"]
[SourceQuality "1"]

1. e4 Nf6 2. e5 Nd5 3. d4 d6 4. c4 Nb6 5. Nc3 dxe5 6. dxe5 Qd3 7. Qxd3 Nc6 8. Nb5 Bd7 9. Nxc7+ Kd8 10. Nxa8 Nxe5 11. Qg3 Nxa8 12. Qxe5 1-0

[Event "Híbrido del Sur U2200 op 3rd"]
[Site "Tornelo INT"]
[Date "2021.11.26"]
[Round "3"]
[White "Jimenez Rodriguez, Abraham Isaias"]
[Black "Ortiz Hernandez, Ricardo Paul"]
[Result "1-0"]
[WhiteElo "1677"]
[BlackElo "1872"]
[PlyCount "123"]
[EventDate "2021.11.26"]
[EventType "swiss"]
[EventRounds "6"]
[EventCountry "VEN"]
[SourceTitle "EXT 2023"]
[Source "ChessBase"]
[SourceDate "2022.10.05"]
[SourceVersion "1"]
[SourceVersionDate "2022.10.05"]
[SourceQuality "1"]

1. e4 c5 2. Nf3 Nc6 3. d4 cxd4 4. Nxd4 e5 5. Nb5 d6 6. N1c3 a6 7. Na3 b5 8. Nd5 Be7 9. Be3 Rb8 10. c3 Nf6 11. f3 0-0 12. Be2 Be6 13. Nc2 Bxd5 14. exd5 Na5 15. Nb4 Qc8 16. 0-0 Nd7 17. a4 Bd8 18. axb5 axb5 19. Rxa5 Bxa5 20. Nc6 Bd8 21. Nxb8 Qxb8 22. Qb3 Bb6 23. Bf2 Qa7 24. Bxb5 Rb8 25. Qa4 Bxf2+ 26. Rxf2 Qxa4 27. Bxa4 Nc5 28. Bc2 g6 29. b4 Nd7 30. Ba4 Nb6 31. Bc6 Nc4 32. Ra2 Kg7 33. b5 h5 34. Kf2 Kh6 35. g3 f5 36. Ke2 e4 37. fxe4 fxe4 38. Ra4 Ne5 39. Rxe4 Rf8 40. Rf4 Rb8 41. Rf6 Kg5 42. Rxd6 Rf8 43. Re6 Ng4 44. h3 Nh6 45. b6 Nf5 46. h4+ Kh6 47. Re8 Nxg3+ 48. Kd3 Rf3+ 49. Kc4 Nf5 50. Rd8 Rf4+ 51. Kc5 Ne3 52. b7 Rc4+ 53. Kd6 Nf5+ 54. Kc7 Rxh4 55. b8Q Rc4 56. Rh8+ Kg5 57. Qd8+ Kf4 58. Qf6 g5 59. Rf8 Kg3 60. Qxg5+ Rg4 61. Qxf5 Kh4 62. Qxg4+ 1-0

[Event "Paladins Ken Philips op"]
[Site "Port of Spain"]
[Date "2021.10.30"]
[Round "3"]
[White "Jimenez Rodriguez, Abraham Isaias"]
[Black "Hernandez Mora, Ulises Jose"]
[Result "0-1"]
[WhiteElo "1700"]
[BlackElo "1772"]
[PlyCount "42"]
[EventDate "2021.10.30"]
[EventType "swiss"]
[EventRounds "6"]
[EventCountry "TRI"]
[SourceTitle "EXT 2023"]
[Source "ChessBase"]
[SourceDate "2022.10.05"]
[SourceVersion "1"]
[SourceVersionDate "2022.10.05"]
[SourceQuality "1"]

1. e4 c6 2. d4 g6 3. d5 cxd5 4. Qd4 Nf6 5. exd5 Bg7 6. Nc3 0-0 7. Be3 Qa5 8. Qd2 d6 9. g3 Nbd7 10. Bg2 Ne5 11. b3 Bg4 12. h3 Bc8 13. Nge2 b5 14. 0-0 a6 15. a3 Qc7 16. Rad1 Re8 17. a4 b4 18. Ne4 Nxe4 19. Bxe4 Bxh3 20. Rfe1 Bf5 21. Bxf5 Nf3+ 0-1

[Event "Híbrido del Sur op U2200 2nd"]
[Site "Tornelo INT"]
[Date "2021.10.08"]
[Round "6"]
[White "Jimenez Rodriguez, Abraham Isaias"]
[Black "Bowles, Andrew"]
[Result "1/2-1/2"]
[WhiteElo "1700"]
[BlackElo "1705"]
[PlyCount "58"]
[EventDate "2021.10.08"]
[EventType "swiss"]
[EventRounds "6"]
[EventCountry "VEN"]
[SourceTitle "EXT 2023"]
[Source "ChessBase"]
[SourceDate "2022.10.05"]
[SourceVersion "1"]
[SourceVersionDate "2022.10.05"]
[SourceQuality "1"]

1. e4 c6 2. d4 d5 3. exd5 cxd5 4. c4 e6 5. c5 Nc6 6. a3 Nf6 7. Nc3 Be7 8. Be3 e5 9. dxe5 Nxe5 10. Bd4 Nc6 11. Bb5 0-0 12. Nge2 Ne4 13. 0-0 Nxd4 14. Qxd4 Bxc5 15. Qxd5 Nxc3 16. Nxc3 Qxd5 17. Nxd5 a6 18. Ba4 b5 19. Bc2 Bb7 20. Be4 Bxd5 21. Bxd5 Rad8 22. Rad1 Rd7 23. b4 Bb6 24. Bc6 Re7 25. Rfe1 Rxe1+ 26. Rxe1 Rd8 27. Bb7 a5 28. Bc6 axb4 29. axb4 Bd4 1/2-1/2

[Event "Híbrido del Sur op U2200 2nd"]
[Site "Tornelo INT"]
[Date "2021.10.08"]
[Round "2"]
[White "Maravi, Jon"]
[Black "Jimenez Rodriguez, Abraham Isaias"]
[Result "1-0"]
[WhiteElo "1773"]
[BlackElo "1700"]
[PlyCount "135"]
[EventDate "2021.10.08"]
[EventType "swiss"]
[EventRounds "6"]
[EventCountry "VEN"]
[SourceTitle "EXT 2023"]
[Source "ChessBase"]
[SourceDate "2022.10.05"]
[SourceVersion "1"]
[SourceVersionDate "2022.10.05"]
[SourceQuality "1"]

1. e4 c5 2. Nf3 Nc6 3. d4 cxd4 4. Nxd4 g6 5. Be3 Bg7 6. Nc3 Nf6 7. f3 0-0 8. Qd2 d5 9. 0-0-0 dxe4 10. Nxc6 Qxd2+ 11. Rxd2 bxc6 12. Nxe4 Nxe4 13. fxe4 Be6 14. a3 Rab8 15. c3 a5 16. Be2 a4 17. h3 Ba2 18. Bd3 c5 19. Bc2 Rfd8 20. Rhd1 Rxd2 21. Rxd2 Bb3 22. Bxb3 axb3 23. Rd7 Kf8 24. Bxc5 Bf6 25. Bd4 e5 26. Be3 Ke8 27. Rd6 Bd8 28. Rd5 Bf6 29. a4 Ra8 30. a5 Bd8 31. Bb6 Bxb6 32. axb6 Rb8 33. Rxe5+ Kd7 34. Rb5 Kc6 35. Rxb3 Kb7 36. Kc2 Rd8 37. Rb4 Re8 38. Kd3 f5 39. exf5 gxf5 40. Rf4 Rg8 41. Rf2 Kxb6 42. Kc4 Kc6 43. b4 Kd6 44. b5 Ke5 45. b6 Kd6 46. Kb5 Rg3 47. Rc2 f4 48. Ka6 Kc6 49. b7 Kc7 50. Ka7 Rg8 51. Re2 f3 52. gxf3 Rf8 53. b8Q+ Rxb8 54. Re7+ Kd6 55. Kxb8 Kxe7 56. Kb7 Kf6 57. c4 Kf5 58. c5 Kf4 59. c6 Kxf3 60. c7 Kg3 61. c8Q h5 62. Qc3+ Kh4 63. Kc6 Kg5 64. Kd5 Kh4 65. Ke5 Kg5 66. Qg3+ Kh6 67. Kf6 h4 68. Qg6# 1-0

[Event "Hibrido del Sur op U2200"]
[Site "Porlamar"]
[Date "2021.08.28"]
[Round "3"]
[White "Garcia Andrada, Heidy Nicole"]
[Black "Jimenez Rodriguez, Abraham Isaias"]
[Result "1-0"]
[WhiteElo "1912"]
[BlackElo "1744"]
[PlyCount "145"]
[EventDate "2021.08.27"]
[EventType "swiss"]
[EventRounds "7"]
[EventCountry "VEN"]
[SourceTitle "EXT 2023"]
[Source "ChessBase"]
[SourceDate "2022.10.05"]
[SourceVersion "1"]
[SourceVersionDate "2022.10.05"]
[SourceQuality "1"]

1. e4 c5 2. Nf3 Nc6 3. d4 cxd4 4. Nxd4 g6 5. c4 Bg7 6. Be3 Nf6 7. Nc3 Ng4 8. Qxg4 Nxd4 9. Qd1 e5 10. Be2 0-0 11. 0-0 d6 12. Qd2 Be6 13. Rfd1 a6 14. Rac1 Rc8 15. b3 Qa5 16. Bf1 Rfd8 17. h3 Bxh3 18. Bxd4 exd4 19. Nd5 Qxd2 20. Rxd2 Be6 21. Ne7+ Kf8 22. Nxc8 Rxc8 23. Rcd1 Ke7 24. g3 Bg4 25. Re1 Kd7 26. f4 Re8 27. Kf2 Kc6 28. Bg2 Kc5 29. a3 a5 30. Bf1 Re7 31. Bd3 h5 32. Rb2 Kb6 33. b4 a4 34. Rc2 Rc7 35. c5+ dxc5 36. bxc5+ Rxc5 37. Rb1+ Kc6 38. Rxc5+ Kxc5 39. Rxb7 Be6 40. Ke2 Bb3 41. Rb8 f6 42. Kd2 g5 43. Bc2 gxf4 44. Rc8+ Kb5 45. gxf4 Bh6 46. Kd3 Bxf4 47. Kxd4 Be5+ 48. Kd3 h4 49. Rh8 Bc4+ 50. Ke3 Bb2 51. Rb8+ Kc5 52. Rxb2 h3 53. Bxa4 Bf1 54. Rh2 Bg2 55. Bd1 Kc4 56. Bf3 Kb3 57. Bxg2 hxg2 58. Rxg2 Kxa3 59. Rf2 Kb4 60. Rxf6 Kc5 61. Rf5+ Kd6 62. Kd4 Ke6 63. Ra5 Kd7 64. Ke5 Kc6 65. Rd5 Kc7 66. Kd4 Kc6 67. e5 Kc7 68. e6 Kc6 69. e7 Kc7 70. e8Q Kb7 71. Qe6 Kc7 72. Rd7+ Kc8 73. Qe8# 1-0

[Event "Caracas FVA 80th Ann"]
[Site "Caracas"]
[Date "2015.12.18"]
[Round "5"]
[White "Gordillo Arango, Jesus David"]
[Black "Jimenez Rodriguez, Abraham Isaias"]
[Result "1-0"]
[WhiteElo "1810"]
[BlackElo "1577"]
[PlyCount "129"]
[EventDate "2015.12.16"]
[EventType "swiss"]
[EventRounds "8"]
[EventCountry "VEN"]
[SourceTitle "EXT 2018"]
[Source "ChessBase"]
[SourceDate "2017.10.13"]
[SourceVersion "1"]
[SourceVersionDate "2017.10.13"]
[SourceQuality "1"]

1. e4 c5 2. Nf3 Nc6 3. d4 cxd4 4. Nxd4 g6 5. Nc3 Bg7 6. Be3 d6 7. Bc4 Bd7 8. Bb3 Nf6 9. f3 0-0 10. Qd2 Rc8 11. 0-0-0 Ne5 12. Bh6 Nc4 13. Bxc4 Rxc4 14. Bxg7 Kxg7 15. g4 Qa5 16. Nb3 Qc7 17. h4 h5 18. gxh5 Nxh5 19. Rdg1 Rc8 20. Qg5 Rxc3 21. bxc3 Qxc3 22. Qd2 Qxf3 23. Qd4+ Kg8 24. Rf1 Qg2 25. Qf2 Qxf2 26. Rxf2 Rc4 27. Re1 Bc6 28. Na5 Rxe4 29. Rxe4 Bxe4 30. Re2 f5 31. Nb3 Kf7 32. Nd2 Bc6 33. Kb2 Kf6 34. Kb3 e5 35. Nc4 Ke6 36. Re1 Bd5 37. Kb4 Bxc4 38. Kxc4 f4 39. Rb1 b6 40. Rb3 Ng3 41. Ra3 Ne4 42. Rxa7 f3 43. Kd3 Nc5+ 44. Ke3 e4 45. Ra8 Kf5 46. Rf8+ Kg4 47. Rf6 d5 48. Rxg6+ Kxh4 49. Rxb6 Na4 50. Rd6 Nc3 51. a4 Nxa4 52. Rxd5 Nc3 53. Rd8 Kg4 54. Rc8 Nd1+ 55. Kxe4 f2 56. Rf8 Kg3 57. c4 Kg2 58. c5 Nc3+ 59. Kd3 Nb5 60. Ke2 Nd4+ 61. Ke3 Nc2+ 62. Kd3 Nb4+ 63. Ke2 Nd5 64. Rxf2+ Kg3 65. Rf8 1-0

[Event "Sala de Conferencias IPASM op 1er"]
[Site "Venezuela"]
[Date "2015.05.17"]
[Round "7.11"]
[White "Romagnone, Ivano"]
[Black "Jimenez Rodriguez, Abraham Isaias"]
[Result "1-0"]
[WhiteElo "1813"]
[BlackElo "1499"]
[PlyCount "73"]
[EventDate "2015.05.14"]
[EventType "swiss"]
[EventRounds "7"]
[EventCountry "VEN"]
[SourceTitle "EXT 2022"]
[Source "ChessBase"]
[SourceDate "2021.10.06"]
[SourceVersion "1"]
[SourceVersionDate "2021.10.06"]
[SourceQuality "1"]

1. d4 d5 2. c4 c6 3. Nc3 Nf6 4. Bg5 Ne4 5. Nxe4 dxe4 6. g3 Bf5 7. Bg2 Nd7 8. Nh3 h6 9. Bd2 e6 10. Bc3 Nf6 11. e3 Be7 12. Nf4 0-0 13. Qb3 Bd6 14. Qxb7 Rb8 15. Qxc6 Bb4 16. Bxb4 Rxb4 17. b3 Qa5 18. 0-0 Rfb8 19. c5 Bg4 20. Bxe4 Nxe4 21. Qxe4 Qxc5 22. dxc5 Rxe4 23. f3 Rxe3 24. fxg4 Rc8 25. Rac1 g5 26. Ng2 Re2 27. Rf2 Re5 28. Rfc2 a5 29. Kf2 Kf8 30. h4 Ke8 31. c6 Rd5 32. c7 Kd7 33. Ne3 Rd6 34. Nc4 Ra6 35. Ne5+ Ke7 36. Ke3 f6 37. Nc6+ 1-0

[Event "Sala de Conferencias IPASM op 1er"]
[Site "Venezuela"]
[Date "2015.05.16"]
[Round "5.19"]
[White "Betancourt Pacheco, Samuel"]
[Black "Jimenez Rodriguez, Abraham Isaias"]
[Result "1/2-1/2"]
[WhiteElo "1561"]
[BlackElo "1499"]
[PlyCount "43"]
[EventDate "2015.05.14"]
[EventType "swiss"]
[EventRounds "7"]
[EventCountry "VEN"]
[SourceTitle "EXT 2022"]
[Source "ChessBase"]
[SourceDate "2021.10.06"]
[SourceVersion "1"]
[SourceVersionDate "2021.10.06"]
[SourceQuality "1"]

1. e4 c5 2. Nf3 Nc6 3. d4 cxd4 4. Nxd4 g6 5. c4 Bg7 6. Be3 Nf6 7. Nc3 Ng4 8. Qxg4 Nxd4 9. Qd1 e5 10. b3 0-0 11. Bd3 d6 12. 0-0 Be6 13. Rc1 Rc8 14. Bb1 a6 15. Qd2 Qh4 16. Nd5 Bxd5 17. cxd5 Qg4 18. Kh1 Qd7 19. Rfd1 Rxc1 20. Rxc1 Rc8 21. Rxc8+ Qxc8 22. h3 1/2-1/2

[Event "Sala de Conferencias IPASM op 1er"]
[Site "Venezuela"]
[Date "2015.05.15"]
[Round "3.14"]
[White "Ramos Castro, Luis Asdrubal"]
[Black "Jimenez Rodriguez, Abraham Isaias"]
[Result "1-0"]
[WhiteElo "1516"]
[BlackElo "1499"]
[PlyCount "66"]
[EventDate "2015.05.14"]
[EventType "swiss"]
[EventRounds "7"]
[EventCountry "VEN"]
[SourceTitle "EXT 2022"]
[Source "ChessBase"]
[SourceDate "2021.10.06"]
[SourceVersion "1"]
[SourceVersionDate "2021.10.06"]
[SourceQuality "1"]

1. e4 c5 2. c3 d5 3. exd5 Qxd5 4. d4 Nc6 5. Nf3 Bg4 6. Be2 e6 7. c4 Qf5 8. 0-0 Nf6 9. Be3 cxd4 10. Nxd4 Bxe2 11. Qxe2 Nxd4 12. Bxd4 Be7 13. Nc3 0-0 14. Rfe1 a6 15. Qe5 Qxe5 16. Bxe5 Rac8 17. b3 Rfd8 18. Rad1 h6 19. Rxd8+ Rxd8 20. Rd1 Rxd1+ 21. Nxd1 Kf8 22. Kf1 Ng4 23. Bg3 Bf6 24. h3 Ne5 25. Ke2 Ke7 26. Ne3 Nc6 27. Nc2 Nd4+ 28. Nxd4 Bxd4 29. Kd3 e5 30. f4 Ke6 31. Bh2 f6 32. g4 Bb2 33. f5+ Kd6 1-0

[Event "Porlamar FVA 3rd"]
[Site "Porlamar"]
[Date "2014.04.06"]
[Round "6.9"]
[White "Villalba Alzolar, William Rafael"]
[Black "Jimenez Rodriguez, Abraham Isaias"]
[Result "1-0"]
[WhiteElo "1623"]
[BlackElo "1391"]
[PlyCount "35"]
[EventDate "2014.04.04"]
[EventType "swiss"]
[EventRounds "7"]
[EventCountry "VEN"]
[SourceTitle "EXT 2022"]
[Source "ChessBase"]
[SourceDate "2021.10.06"]
[SourceVersion "1"]
[SourceVersionDate "2021.10.06"]
[SourceQuality "1"]

1. e4 e5 2. Nc3 Nc6 3. Nf3 Nf6 4. d4 exd4 5. Nxd4 Bb4 6. Nxc6 bxc6 7. Bd3 d5 8. Bg5 0-0 9. 0-0 dxe4 10. Nxe4 h6 11. Nxf6+ gxf6 12. Bxh6 Re8 13. Qf3 Bd6 14. Rad1 Be6 15. Be4 Rb8 16. Rxd6 cxd6 17. Qg3+ Kh8 18. Qg7# 1-0